| 000 | 00568cam a2200217 a 4500 | ||
|---|---|---|---|
| 001 | 4816973 | ||
| 005 | 20180109072140.0 | ||
| 008 | 890810s1990 nyua f 001 0 eng | ||
| 010 | _a 89013132 | ||
| 020 |
_a0688084796 : _c$9.95 |
||
| 040 |
_aDLC _cDLC _dDLC |
||
| 041 | _aeng | ||
| 043 | _an-us--- | ||
| 080 | _a361.2 | ||
| 082 | 0 | 0 |
_a361.2 HOL _220 |
| 100 | 1 | _a46 | |
| 101 | _aEDU | ||
| 245 | 1 | 0 |
_aHow to make the world a better place : _cJeffrey Hollender. |
| 906 |
_a7 _bcbc _corignew _d1 _eocip _f19 _gy-gencatlg |
||
| 942 |
_2ddc _cBK |
||
| 999 |
_c39905 _d39905 |
||